HÖK-elnökök a felmérés méltatlan az egyetemhez : Vizsgálat indulhat a kérdőív ügyében

Elmentve itt :
Bibliográfiai részletek
Dokumentumtípus: Cikk
Megjelent: 2002-05-15
Sorozat:Délmagyarország 92 No. 112
Kulcsszavak:Egyetemi hallgatók, kérdőíves felmérés
Online Access:http://dmarchiv.bibl.u-szeged.hu/124533
LEADER 00501nab a2200145 i 4500
001 delm124533
005 20191118104906.0
008 191118s2002 hu o 0|| hun d
040 |a SZTE Délmagyarország Archívum  |b hun 
041 |a hun 
245 0 0 |a HÖK-elnökök  |h [elektronikus dokumentum] :  |b a felmérés méltatlan az egyetemhez : Vizsgálat indulhat a kérdőív ügyében 
260 |c 2002-05-15 
300 |a 3 
490 0 |a Délmagyarország  |v 92 No. 112 
695 |a Egyetemi hallgatók, kérdőíves felmérés